[Event "EU-chT Seniors 15th"]
[Site "Dresden"]
[Date "2013.07.20"]
[Round "1"]
[White "Goy, Udo"]
[Black "Johannsen, Bjorn"]
[Result "1-0"]
[WhiteElo "2220"]
[BlackElo "1705"]
[PlyCount "101"]
[EventDate "2013.07.20"]
[EventType "team-swiss"]
[EventRounds "9"]
[EventCountry "GER"]
[SourceTitle "CBM 155 Extra"]
[Source "ChessBase"]
[SourceDate "2013.08.26"]
[SourceVersion "1"]
[SourceVersionDate "2013.08.26"]
[SourceQuality "1"]
[WhiteTeam "Rhein"]
[BlackTeam "Norway IV"]
[WhiteTeamCountry "GER"]
[BlackTeamCountry "NOR"]

1. d4 d5 2. Nf3 Nc6 3. e3 Nf6 4. c4 Bg4 5. cxd5 Nxd5 6. Bc4 e6 7. Nc3 Bb4 8. Bd2 a6 9. 0-0 0-0 10. Rc1 Nce7 11. Be2 Rc8 12. Qb3 Bd6 13. Ne4 b5 14. h3 Bf5 15. Nc5 Bxc5 16. Rxc5 Be4 17. Rfc1 Ng6 18. Ba5 Qf6 19. Bxc7 Nxc7 20. Rxc7 Rxc7 21. Rxc7 Qd8 22. Rc5 h6 23. a4 Qa5 24. axb5 axb5 25. Qc3 Qa1+ 26. Qc1 Qxc1+ 27. Rxc1 b4 28. Nd2 Ba8 29. f4 Ne7 30. Kf2 f5 31. g3 Rd8 32. Rc5 Bd5 33. Rb5 Nc6 34. Bc4 Bxc4 35. Nxc4 Kf8 36. Ne5 Nxe5 37. fxe5 Rc8 38. Rxb4 Rc2+ 39. Kf3 g5 40. g4 fxg4+ 41. hxg4 Rc1 42. Rb8+ Kf7 43. Rb7+ Kf8 44. Rh7 Rh1 45. b4 Ke8 46. b5 Kd8 47. b6 Rb1 48. b7 h5 49. gxh5 Rb3 50. h6 g4+ 51. Kxg4 1-0

[Event "Koge Bugt Summer"]
[Site "Solrod"]
[Date "2011.08.31"]
[Round "3.7"]
[White "Wieland, Carsten"]
[Black "Johannsen, Bjorn"]
[Result "0-1"]
[WhiteElo "1146"]
[BlackElo "1576"]
[PlyCount "42"]
[EventDate "2011.08.17"]
[EventType "swiss"]
[EventRounds "7"]
[EventCountry "DEN"]
[SourceTitle "EXT 2023"]
[Source "ChessBase"]
[SourceDate "2022.10.05"]
[SourceVersion "1"]
[SourceVersionDate "2022.10.05"]
[SourceQuality "1"]

1. d4 d5 2. Nf3 Bf5 3. g3 e6 4. Bg2 Bd6 5. 0-0 Nf6 6. c4 c6 7. c5 Bc7 8. Re1 Nbd7 9. Nbd2 e5 10. dxe5 Nxe5 11. Nxe5 Bxe5 12. e4 dxe4 13. Qb3 0-0 14. Bxe4 Nxe4 15. Nxe4 Qc7 16. Qf3 Bg6 17. h4 Rae8 18. Rb1 Qa5 19. Bd2 Bxe4 20. Qxe4 Qxd2 21. f4 Bd4+ 0-1

[Event "Koge Bugt Winter"]
[Site "Solrod"]
[Date "2011.01.12"]
[Round "1"]
[White "Larsen, Paul M"]
[Black "Johannsen, Bjorn"]
[Result "1/2-1/2"]
[WhiteElo "1502"]
[BlackElo "1585"]
[PlyCount "71"]
[EventDate "2011.01.12"]
[EventType "swiss"]
[EventRounds "7"]
[EventCountry "DEN"]
[SourceTitle "EXT 2023"]
[Source "ChessBase"]
[SourceDate "2022.10.05"]
[SourceVersion "1"]
[SourceVersionDate "2022.10.05"]
[SourceQuality "1"]

1. c4 e5 2. g3 Nc6 3. Bg2 d6 4. Nc3 Nge7 5. e3 g6 6. Nge2 Bg7 7. 0-0 0-0 8. d4 exd4 9. exd4 a6 10. f4 Bg4 11. d5 Nd4 12. h3 Bxe2 13. Nxe2 Nxe2+ 14. Qxe2 Nf5 15. Qd3 Re8 16. Rb1 Qd7 17. b3 Re7 18. Bd2 Rae8 19. Rbe1 Rxe1 20. Rxe1 Bd4+ 21. Kh2 Rxe1 22. Bxe1 Bg7 23. Qe4 Qe7 24. Qxe7 Nxe7 25. g4 f5 26. Kg3 Kf7 27. Kf3 Bd4 28. Ke2 b6 29. Kd3 Bb2 30. a4 a5 31. b4 axb4 32. Bxb4 Bc1 33. Bd2 Bxd2 34. Kxd2 h6 35. Bf3 Kf6 36. Ke3 1/2-1/2

[Event "Faxe EMT"]
[Site "Faxe"]
[Date "2008.05.21"]
[Round "7"]
[White "Lindskov, Villy"]
[Black "Johannsen, Bjorn"]
[Result "1-0"]
[WhiteElo "1868"]
[BlackElo "1573"]
[PlyCount "59"]
[EventDate "2008.03.26"]
[EventType "swiss"]
[EventRounds "7"]
[EventCountry "DEN"]
[SourceTitle "EXT 2023"]
[Source "ChessBase"]
[SourceDate "2022.10.05"]
[SourceVersion "1"]
[SourceVersionDate "2022.10.05"]
[SourceQuality "1"]

1. e4 c6 2. d4 d5 3. e5 e6 4. Nf3 Nd7 5. c3 Qb6 6. Bd3 c5 7. 0-0 h6 8. b3 Ne7 9. Be3 Nc6 10. a3 Be7 11. b4 c4 12. Bc2 a5 13. Nbd2 Qd8 14. b5 Ncb8 15. a4 0-0 16. Ne1 f5 17. exf6 Bxf6 18. f4 Kf7 19. Nef3 Rg8 20. Ne5+ Ke7 21. Bh7 Re8 22. Qh5 Nf8 23. Bg6 Nxg6 24. Qxg6 Rf8 25. Qg3 Rg8 26. Ng6+ Kf7 27. Nf3 Nd7 28. Nfe5+ Ke8 29. Bc1 Nf8 30. Ba3 1-0

[Event "Faxe EMT"]
[Site "Faxe"]
[Date "2008.05.07"]
[Round "6"]
[White "Johannsen, Bjorn"]
[Black "Andersen, Hans E"]
[Result "1-0"]
[WhiteElo "1573"]
[BlackElo "1512"]
[PlyCount "101"]
[EventDate "2008.03.26"]
[EventType "swiss"]
[EventRounds "7"]
[EventCountry "DEN"]
[SourceTitle "EXT 2023"]
[Source "ChessBase"]
[SourceDate "2022.10.05"]
[SourceVersion "1"]
[SourceVersionDate "2022.10.05"]
[SourceQuality "1"]

1. d4 g6 2. c3 Bg7 3. Bf4 d6 4. e3 Nc6 5. Bd3 Nf6 6. Nf3 0-0 7. Qc2 Re8 8. Bg5 Qd7 9. h3 e5 10. Bxf6 Bxf6 11. d5 Ne7 12. e4 c6 13. c4 a6 14. Nc3 b5 15. dxc6 Nxc6 16. cxb5 Nd4 17. Nxd4 exd4 18. Nd5 Qd8 19. Nc7 Bb7 20. Nxe8 Qxe8 21. bxa6 Bxa6 22. Bxa6 Rxa6 23. Qd3 Rb6 24. 0-0 Rxb2 25. Rfb1 Qb8 26. a4 Rxb1+ 27. Rxb1 Qa8 28. Ra1 Qa5 29. Kf1 d5 30. exd5 Qxd5 31. a5 Be7 32. a6 Bc5 33. Ra5 Qc6 34. a7 Bxa7 35. Rxa7 Qc1+ 36. Ke2 Qb2+ 37. Kf3 Qb6 38. Ra8+ Kg7 39. Ra3 Qc5 40. g3 Qd5+ 41. Qe4 Qc5 42. Rd3 Qh5+ 43. Kg2 Qc5 44. Qxd4+ Qxd4 45. Rxd4 Kf6 46. Kf3 h5 47. Rd5 Ke6 48. Ke4 f5+ 49. Kd4 g5 50. f4 g4 51. h4 1-0

[Event "Faxe EMT"]
[Site "Faxe"]
[Date "2008.04.16"]
[Round "3"]
[White "Johannsen, Bjorn"]
[Black "Eckert, Svend"]
[Result "0-1"]
[WhiteElo "1573"]
[BlackElo "1543"]
[PlyCount "48"]
[EventDate "2008.03.26"]
[EventType "swiss"]
[EventRounds "7"]
[EventCountry "DEN"]
[SourceTitle "EXT 2023"]
[Source "ChessBase"]
[SourceDate "2022.10.05"]
[SourceVersion "1"]
[SourceVersionDate "2022.10.05"]
[SourceQuality "1"]

1. d4 Nf6 2. Nf3 d6 3. Bf4 g6 4. e3 Bg7 5. Bd3 0-0 6. c3 Nbd7 7. Qc2 c5 8. Nbd2 a6 9. Ne4 Nd5 10. Bg5 h6 11. Bh4 Qc7 12. dxc5 Nxc5 13. Nxc5 Qxc5 14. 0-0 b5 15. Rac1 Bb7 16. Be4 Nxe3 17. Qd3 Bxe4 18. Qxe4 Nxf1 19. Rxf1 e6 20. Rd1 d5 21. Qg4 Qc4 22. Qxc4 bxc4 23. a3 Rab8 24. Bg3 Rxb2 0-1